Dia internacional de les dones : 8 de març 2014 8 de març 2014
Descripción Física:
1 targeta postal ; il. col. ; 11 x 15 cm.
Idioma:
Catalán
MARC
| LEADER | 00000nkm a22000007a 4500 | ||
|---|---|---|---|
| 001 | 27124 | ||
| 003 | Arxiu | ||
| 005 | 20260324181146.0 | ||
| 008 | 221220b spa||||| |||| 00| 0 cat d | ||
| 040 | |a agdb |b cat | ||
| 245 | |a Dia internacional de les dones : |b 8 de març 2014 | ||
| 260 | |a Barcelona : |b Diputació de Barcelona ; |c 2014 | ||
| 300 | |a 1 targeta postal ; |b il. col. ; |c 11 x 15 cm. | ||
| 500 | |a Postal promocional de l'acte de commemoració del Dia internacional de les dones celebrat el dia 11 de març de 2014 a la Sala Espai Francesca Bonnemaison. | ||
| 650 | 0 | |a Dia internacional de les dones |z Barcelona (Catalunya : Província) | |
| 655 | 0 | |9 52685 |a Targetes postals | |
| 710 | 1 | |a Barcelona (Catalunya : Província). |b Diputació |9 52408 | |
| 942 | |2 udc |c ARXIU |n 1 | ||
| 952 | |0 0 |1 0 |2 udc |4 0 |6 NBM1645 |7 1 |9 64865 |a Arxiu |b Arxiu |d 2022-12-20 |l 0 |o NBM-16-45 |p 27124 |r 2022-12-20 00:00:00 |w 2022-12-20 |y ARXIU | ||
| 999 | |c 82831 |d 82831 | ||